| 000 | 00817cab a2200241 4500 | ||
|---|---|---|---|
| 001 | WB2923-15 | ||
| 008 | 090401t1993 xxu||||| |||| 00| 0 eng d | ||
| 035 | _a(Sirsi) u54221 | ||
| 041 | _aeng | ||
| 245 | _aNew regulations for fire safety | ||
| 260 | _c1993 | ||
| 350 | _a0 | ||
| 490 |
_aScottish Office News Release _v(876) 11 June 1993 (2) |
||
| 520 | _aProposals for the review of the structural fire precautions and means of escape from fire provisions in the Scottish Building Standards have been published. | ||
| 650 |
_aBUILDING REGULATIONS _96224 |
||
| 650 | _aFIRE PRECAUTIONS | ||
| 650 | _aMANAGEMENT-HEALTH AND SAFETY-FIRE SAFETY | ||
| 650 | _aMEANS OF ESCAPE | ||
| 650 | _aSCOTTISH BUILDING STANDARDS | ||
| 690 | _aBUILT ENVIRONMENT-BUILDING STANDARDS | ||
| 942 | _n0 | ||
| 948 | _c04/03/1997 | ||
| 999 |
_c33241 _d33241 |
||